000 00693nam a2200217Ii 4500
003 JO-AjNU
008 230605s9999||||xx |||||||||||||| ||und||
017 _a2003/20872
020 _a977-01-8961-8
040 _aJO-AjNU
_bara
_erda
_cJO-AjNU
041 _aara
050 1 4 _aBP173.4.R34 2004
100 3 _aرضوان، زينب,
_eauthor
_98129
245 0 0 _aالمرأة بين الموروث والتحديث
264 3 1 _aالقاهرة: الهيئة المصرية العامة للكتاب، 2004
300 _a270ص
336 _atext
_btxt
_2rdacontent
337 _aunmediated
_bn
_2rdamedia
338 _avolume
_bnc
_2rdacarrier
650 4 _aالمرأة في الاسلام
_98130
999 _aA632
_c4200
_d4200